1465 1816 1631 1486 1303 1249 1197 1538 1266 1488 1742 1516 1610 1609 1072 1917 1628 1448 1388 1760 1386 1656 1207 1657 1231 1312 1046 1157 1017 1641 1801 1627 1289 1688 1008 1368 1457 1979 1217 1137 1780 1422 1278 1483 1346 1385 1682 1576 1087 1648 1712 1491 1040 1833 1104 1707 1419 1712 1708 1994 1319 1201 1391 1973 1040 1574 1637 1921 1535 1935 1723 1524 1770 1841 1431 1532 1213 1752 1510 1082 1344 1302 1722 1659 1976 1896 1234 1841 1656 1483 1515 1839 1749 1332 1314 1809 1071 1641 1333 BCNSPRNW ULIB Ver.6.0+V

เปลี่ยนเป็นภาษาไทย

Change to English
 แสดงรายละเอียดบรรณานุกรม
  กลับหน้าหลัก

Brief Record : Get Marc (ISO 2709) : E-mail record : QR code < ปิดหน้าต่าง
LEADER : 00000nam 2200000uu 4500
001    13399121171
003     ULIB
008    020711sมปป. th a 000 0 tha d
020    9789742662226
050    LC3965
100    สุวิทย์ พวงสุวรรณ
245    ทำอย่างไรเมื่อสงสัย...ลูกเป็นเด็กแอลดี/^cสุวิทย์ พวงสุวรรณ
250    พิมพ์ครั้งที่ 1
260    นครปฐม :^bไอ.คิว.บุ๊คเซ็นเตอร์,^cม.ป.ป.
945    ^p120^l0^i17700
999    ^aทศพร เกษรทอง
รายการนี้ยังไม่มีแท็ก
คุณยังไม่ได้ล็อกอิน คุณสามารถมีกิจกรรมร่วมกับเว็บไซต์ได้ แต่ต้องล็อกอินก่อน ::
  ล็อกอิน

รายการสื่อสารสนเทศ

ลำดับที่ ประเภท เลขเรียก/บาร์โค้ด สถานที่ สถานะ
1. วิทยาศาสตร์การแพทย์ และสุขภาพ
วิทยาศาสตร์การแพทย์ และสุขภาพ
LC3965  
  Barcode: 17700
ห้องสมุดวิทยาเขตสวรรค์ประชารักษ์
►หนังสือทั่วไป
บนชั้น

BibComment


ยังไม่เคยถูกคอมเมนท์

คอมเมนท์ทรัพยากรรายการนี้
  คอมเมนท์: ทำอย่างไรเมื่อสงส..


 Copyright 2026. Bcnsprnw @Library